000 00472nam a2200193Ia 4500
003 OSt
005 20220324101649.0
008 210210b1951 xxu||||| |||| 00| 0 eng d
040 _aAL
_c
041 _aeng
082 _a822/102
100 _aBELLOC (Hilaire)
_925736
245 _aAnthology of prose and verse
260 _aLondon
_bRupert Hart-Davis.,
_c1951
650 _aAnthology
_925740
690 _aEnglish Prose
_925742
906 _a012289
942 _2ddc
_cBK
999 _c131074
_d131074